| 000 | 00601nam a2200205 a 4500 | ||
|---|---|---|---|
| 001 | 18497 | ||
| 003 | CO-ViMGA | ||
| 008 | 141112s2004 ck r 000 u spa d | ||
| 020 | _a9681661222 | ||
| 040 |
_aCO-ViMGA _bspa _cCO-ViMGA |
||
| 082 | 0 | 4 | _a595.42 H633 |
| 100 | 1 |
_aHoffmann, Anita _926347 |
|
| 245 | 1 | 0 | _aAnimales desconocidos . Relatos acarológicos - Ciencia para todos |
| 260 |
_aMexico, _cFondo de cultura económica |
||
| 490 | _aCiencias para todos | ||
| 590 | _aForma de adquisición : Premio - Mincultura | ||
| 650 | 1 | 4 |
_aACAROS _926348 |
| 650 | 1 | 4 |
_aARACNIDOS _926349 |
| 942 |
_2ddc _cBK |
||
| 999 |
_c27788 _d27788 |
||